<?xml version="1.0" encoding="UTF-8"?>
<record
    xmlns:xsi="http://www.w3.org/2001/XMLSchema-instance"
    xsi:schemaLocation="http://www.loc.gov/MARC21/slim http://www.loc.gov/standards/marcxml/schema/MARC21slim.xsd"
    xmlns="http://www.loc.gov/MARC21/slim">

  <leader>01166nam a22001937a 4500</leader>
  <controlfield tag="005">20220128151327.0</controlfield>
  <controlfield tag="008">220128b           ||||| |||| 00| 0 eng d</controlfield>
  <datafield tag="020" ind1=" " ind2=" ">
    <subfield code="a">13978111525590</subfield>
  </datafield>
  <datafield tag="050" ind1=" " ind2=" ">
    <subfield code="a">HD58.7.G75 (10ed)</subfield>
  </datafield>
  <datafield tag="100" ind1=" " ind2=" ">
    <subfield code="9">Gregory,Moorhead.</subfield>
  </datafield>
  <datafield tag="245" ind1=" " ind2=" ">
    <subfield code="a">Managing Organizational behavoir /</subfield>
    <subfield code="c">Griffin W. Ricky</subfield>
  </datafield>
  <datafield tag="250" ind1=" " ind2=" ">
    <subfield code="a">10th.</subfield>
  </datafield>
  <datafield tag="260" ind1=" " ind2=" ">
    <subfield code="a">Japan.</subfield>
    <subfield code="b">South-Western Cengage;</subfield>
    <subfield code="c">2012.</subfield>
  </datafield>
  <datafield tag="300" ind1=" " ind2=" ">
    <subfield code="a">592p.:</subfield>
    <subfield code="b">ill;</subfield>
    <subfield code="c">24cm.</subfield>
  </datafield>
  <datafield tag="500" ind1=" " ind2=" ">
    <subfield code="a">Includes Subject and Name index.</subfield>
  </datafield>
  <datafield tag="505" ind1=" " ind2=" ">
    <subfield code="a">Content:Foundations of organizational behavior -- The dynamic environment -- Organizations and individuals -- Behavior of individuals -- Motivation of individuals -- individual performance -- Rewarding individuals performance -- Stress management -- Problem solving and decision making -- Groups in  organization -- Groups and interpersonal behavior -- organizations and teams -- Organizations and communications -- leadership -- Modern perspectives on leadership -- Power, politics and Justice -- Conflict and resolution -- Process in  organisations -- Structure in organisation -- Design -- Culture -- Development and change.</subfield>
  </datafield>
  <datafield tag="700" ind1=" " ind2=" ">
    <subfield code="a">Griffin W. Ricky</subfield>
  </datafield>
  <datafield tag="942" ind1=" " ind2=" ">
    <subfield code="2">lcc</subfield>
    <subfield code="c">BK</subfield>
  </datafield>
  <datafield tag="999" ind1=" " ind2=" ">
    <subfield code="c">8537</subfield>
    <subfield code="d">16037</subfield>
  </datafield>
  <datafield tag="952" ind1=" " ind2=" ">
    <subfield code="0">0</subfield>
    <subfield code="1">0</subfield>
    <subfield code="2">lcc</subfield>
    <subfield code="4">0</subfield>
    <subfield code="7">0</subfield>
    <subfield code="a">WIUC-1</subfield>
    <subfield code="b">WIUC-1</subfield>
    <subfield code="c">REF</subfield>
    <subfield code="d">2022-01-28</subfield>
    <subfield code="l">0</subfield>
    <subfield code="o">HD58.7.G75 (10ed)</subfield>
    <subfield code="p">8454/106/20</subfield>
    <subfield code="r">2022-01-28 00:00:00</subfield>
    <subfield code="t">1</subfield>
    <subfield code="w">2022-01-28</subfield>
    <subfield code="y">BK</subfield>
  </datafield>
  <datafield tag="952" ind1=" " ind2=" ">
    <subfield code="0">0</subfield>
    <subfield code="1">0</subfield>
    <subfield code="2">ddc</subfield>
    <subfield code="4">0</subfield>
    <subfield code="7">0</subfield>
    <subfield code="a">WIUC-1</subfield>
    <subfield code="b">WIUC-1</subfield>
    <subfield code="c">REF</subfield>
    <subfield code="d">2022-01-28</subfield>
    <subfield code="l">0</subfield>
    <subfield code="o">HD58.7.G751 (10ed)</subfield>
    <subfield code="p">8455/107/20</subfield>
    <subfield code="r">2022-01-28 00:00:00</subfield>
    <subfield code="t">2</subfield>
    <subfield code="w">2022-01-28</subfield>
    <subfield code="y">BK</subfield>
  </datafield>
  <datafield tag="952" ind1=" " ind2=" ">
    <subfield code="0">0</subfield>
    <subfield code="1">0</subfield>
    <subfield code="2">ddc</subfield>
    <subfield code="4">0</subfield>
    <subfield code="7">0</subfield>
    <subfield code="a">WIUC-1</subfield>
    <subfield code="b">WIUC-1</subfield>
    <subfield code="c">REF</subfield>
    <subfield code="d">2022-01-28</subfield>
    <subfield code="l">0</subfield>
    <subfield code="o">HD58.7.G752 (10ed)</subfield>
    <subfield code="p">8456/108/20</subfield>
    <subfield code="r">2022-01-28 00:00:00</subfield>
    <subfield code="t">3</subfield>
    <subfield code="w">2022-01-28</subfield>
    <subfield code="y">BK</subfield>
  </datafield>
</record>
